01007nam a22002057a 45000010005000000030006000050050017000110080041000280200018000690400030000870500015001170820013001321000020001452450072001652600052002373000059002895200399003486500028007477000026007756712FISKH20250521145416.0250521b cb ||||| |||| 00| 0 eng d a9780547727387 aFISKH bengcFISKHdFISKH aQL49 .J456 a591.563  aJenkins, Steve  aSisters and brothers: bSibling relationships in the animal world / aNew York : bHoughton Mifflin Harcourt, c2008. a32 unnumbered pages : bcolor illustrations ; c26 cm  aPeregrine falcons learn to hunt by practicing with their sisters and brothers. Elephant sisters babysit their younger siblings. Hyena brothers often fight to the death, but wild turkey brothers stay together for life. The giant anteater is an only child, while termites may have millions of siblings! Find out more about these animal brothers and sisters -- and many others -- inside this book. aAnimals vInformational aPage, Robin eAuthor